000 00352nam a2200145Ia 4500
008 230917s9999||||xx |||||||||||||| ||und||
020 _cPON12.95
040 _e23536
_aMAIN
041 _aEnglish
082 _a301.04 G36C
100 _aGiddens, Anthony
245 0 _aContemporary critique of historical materialism
260 _c1981
942 _cBK
999 _c223196
_d223196